[Event "Hammersmith CC op U1500"]
[Site "London"]
[Date "2022.06.04"]
[Round "3"]
[White "Yang, Rachel"]
[Black "Singleton, Andrew"]
[Result "1-0"]
[WhiteElo "1154"]
[BlackElo "1455"]
[PlyCount "55"]
[EventDate "2022.06.04"]
[EventType "swiss"]
[EventRounds "5"]
[EventCountry "ENG"]
[SourceTitle "CBM 208 Extra"]
[Source "ChessBase"]
[SourceDate "2022.07.31"]
[SourceVersion "1"]
[SourceVersionDate "2022.07.31"]
[SourceQuality "1"]

1. e4 e5 2. Nf3 Nc6 3. Bb5 a6 4. Ba4 Nf6 5. 0-0 Nxe4 6. Re1 b5 7. Bb3 d5 8. d3 Nc5 9. Nxe5 Nxe5 10. Rxe5+ Be6 11. Bxd5 Bd6 12. Re1 Rb8 13. d4 Nd7 14. Bxe6 fxe6 15. Rxe6+ Kf7 16. Re4 Nf6 17. Qf3 Re8 18. Rxe8 Qxe8 19. Bd2 Kg8 20. Nc3 Qg6 21. Rc1 c5 22. dxc5 Bxc5 23. Qg3 Qxg3 24. hxg3 Rd8 25. Bg5 b4 26. Ne4 Rd5 27. Bxf6 gxf6 28. Nxf6+ 1-0